|
|
|
|
| LEADER |
00932nam a2200313 4500 |
| 001 |
DLU090069385 |
| 005 |
##20090521 |
| 040 |
# |
# |
|a DLU
|b eng
|
| 041 |
# |
# |
|a eng
|
| 044 |
# |
# |
|a US
|
| 100 |
# |
# |
|a Biehl, Joao Guilherme.
|
| 245 |
# |
# |
|a Pharmaceuticalization : AIDS treatment and Global Health politics /
|c Joao Guilherme Biehl.
|
| 653 |
# |
# |
|a AIDS treatment
|
| 653 |
# |
# |
|a Brazil
|
| 653 |
# |
# |
|a Global Health
|
| 653 |
# |
# |
|a Market-Based Biopolitics
|
| 653 |
# |
# |
|a Pharmaceutical industry
|
| 653 |
# |
# |
|a Pharmaceuticalization
|
| 653 |
# |
# |
|a Political Subjectivity
|
| 773 |
# |
# |
|t Anthropological Quarterly
|g Vol. 80, no. 4 (Fall 2007), p. 1083-1126
|
| 920 |
# |
# |
|a Phòng Tạp chí -- Trung tâm Thông tin - Thư viện Trường Đại học Đà Lạt
|
| 994 |
# |
# |
|a DLU
|
| 900 |
# |
# |
|a True
|
| 911 |
# |
# |
|a Trương Bảo Trâm Anh
|
| 925 |
# |
# |
|a G
|
| 926 |
# |
# |
|a A
|
| 927 |
# |
# |
|a BB
|
| 980 |
# |
# |
|a Thư viện Trường Đại học Đà Lạt
|